Protection from predators (Record no. 77205)

MARC details
000 -LEADER
fixed length control field 01112cab a2200193 4500
001 - CONTROL NUMBER
control field ##L133786
008 - FIXED-LENGTH DATA ELEMENTS--GENERAL INFORMATION
fixed length control field 060609n2006 000 0 eng u
035 ## - SYSTEM CONTROL NUMBER
System control number (Sirsi) u133786
041 0# - LANGUAGE CODE
Language code of text/sound track or separate title eng
100 1# - MAIN ENTRY--PERSONAL NAME
Personal name Smith, Andrew
245 00 - TITLE STATEMENT
Title Protection from predators
260 ## - PUBLICATION, DISTRIBUTION, ETC.
Date of publication, distribution, etc. 2006
490 #0 - SERIES STATEMENT
Series statement Estates Gazette
Volume/sequential designation (0622) 3 June 2006, 168-170(3)
520 ## - SUMMARY, ETC.
Summary, etc. Reveals how the configuration of a company's property assets can help defend it against takeover or increase its vulnerability. Some mergers and takeovers are driven by a need to work under-utilised assets and are linked to property portfolio composition and tenure. Property has become an increasingly strategic issue from a mergers and acquisitions perspective. Discusses the dominant role of corporate occupiers relating to commercial property stock, property as a tangible part of company culture and outsourcing and leasing as property solutions with the advantages of leasing possibly disappearing. Graphs.
590 ## - LOCAL NOTE (RLIN)
Local note IKA200606
651 #4 - SUBJECT ADDED ENTRY--GEOGRAPHIC NAME
Geographic name United Kingdom
Chronological subdivision
690 ## - LOCAL SUBJECT ADDED ENTRY--TOPICAL TERM (OCLC, RLIN)
Topical term or geographic name as entry element PROPERTY-COMMERCIAL PROPERTY-CORPORATE REAL ESTATE
942 ## - ADDED ENTRY ELEMENTS (KOHA)
Suppress in OPAC 0
Holdings
Withdrawn status Lost status Source of classification or shelving scheme Damaged status Not for loan Home library Current library Shelving location Date acquired Total Checkouts Full call number Barcode Date last seen Copy number Price effective from Koha item type
    Dewey Decimal Classification     London London Journal article 09/06/2006   L133786 133786-1001 06/08/2019 1 06/08/2019 Journal article